[Event "EU-chT (Men) 14th"]
[Site "Plovdiv"]
[Date "2003.10.11"]
[Round "1.1"]
[White "Markowski, Tomasz"]
[Black "Genov, Petar"]
[Result "0-1"]
[WhiteElo "2610"]
[BlackElo "2494"]
[Annotator "Ribli,Z"]
[PlyCount "84"]
[EventDate "2003.10.10"]
[EventType "team-swiss"]
[EventRounds "9"]
[EventCountry "BUL"]
[SourceTitle "CBM 098"]
[Source "ChessBase"]
[SourceDate "2004.02.03"]
[SourceVersion "1"]
[SourceVersionDate "2004.02.03"]
[SourceQuality "1"]
[WhiteTeam "Poland"]
[BlackTeam "Bulgaria II"]
[WhiteTeamCountry "POL"]
[BlackTeamCountry "BUL"]

1. g3 c5 2. Bg2 g6 3. c4 Bg7 4. Nc3 Nc6 5. Nf3 e6 {Das ist eine sehr
elastische Fortsetzung, aber 5...e5 und 5... sind auch moeglich.} 6. d4 {
Mit der Textfortsetzung Weiss opfert einen Bauern und strebt zu positionellem
Druck auf den dunkelfarbige Punkten. Nach meiner persoenlichen Meinung die
ganze Variante ist ob interessant, aber gibt Weiss keine Hoffnun gen fuer
Eroeffnungsvorteil.} Nxd4 (6... cxd4 7. Nb5 d5 {Nach meiner persoenlichen
Meinung diese Variante is eine bessere Moeglichkeit fuer Schwarz, als die
Partiefortsetzung.}) 7. Nxd4 cxd4 8. Ne4 (8. Nb5 Qb6 9. e3 Ne7 10. Nxd4 O-O 11.
O-O d5 12. cxd5 Nxd5 $11 {Interessanterweise in der symmetrischer Stellung es
ist Schwarz, wer hat Tempoplus mit Qb6.}) 8... Qc7 (8... Ne7 9. Nd6+ Kf8 10.
Nxb7 Qc7 11. Nd6 Rb8 12. Nxc8 Rxc8 13. O-O Qxc4 14. Bf4 Qc2 15. Rc1 Qxd1 16.
Rfxd1 {1-0 Foisor,C-Calzetta,M/Istanbul TUR 2003/(35)}) (8... d5 9. cxd5 exd5
10. Qa4+ Kf8 11. Nc5 (11. Qa3+ Qe7 12. Nd6 d3 13. O-O Be5 14. Nb5 Qxa3 15. Nxa3
Kg7 16. exd3 Nf6 17. Nb5 a6 18. d4 Bb8 19. Nc3 {1/2-1/2 Chernin,A-Macieja,B/
Budapest 2000/CBM 78 (19)}) 11... Ne7 12. O-O h6 13. Bd2 Kg8 14. Rac1 Kh7 15.
Rfe1 Re8 16. Bf4 b6 17. Na6 Bxa6 18. Qxa6 g5 19. Bd2 Qd7 20. Rc2 Rac8 {1/2-1/2
Markowski,T-Macieja,B/Warsaw 2002/CBM 89 (32)}) (8... d6 9. Qa4+ Ke7 10. Bd2 {
1-0 Schwartzman,G-Fedder,S/Copenhagen 1990/EXT 97 (36)}) (8... f5) 9. c5 Ne7 (
9... h6 10. Bf4 e5 11. Nd6+ Ke7 12. Qb3 Qxc5 13. Qxf7+ Kxd6 14. Qxg7 exf4 15.
Qxh8 {1-0 Lehtinen,H-Ivanov,S/Laukaa 2000/EXT 2002 (30)}) 10. Bf4 (10. Nd6+ {
Diese Schach kommt in Betracht, aber in der Partie Weiss spielt dieser Zug in
der Stellung mit Bd2.} Kf8 11. b4 Nf5 $13) 10... Qa5+ (10... e5 11. Bg5 $44 (
11. Qxd4 Nf5 $13 (11... O-O 12. Qd6 Qxd6 13. cxd6 $16))) 11. Bd2 Qc7 12. Nd6+ {
Weiss ist nicht zufrieden mit der Zugwiederholung, was waere erreichbar mit 12.
Bf4.} Kf8 13. Rc1 Nf5 (13... h5 14. Qa4 Nd5 (14... Nf5 15. Ba5 (15. Nc4 $16 {
[%cal Gc4b6]}) 15... Qb8 16. Nb5 Be5 17. f4 a6 $13) 15. Bxd5 exd5 16. Qa3 Kg8
17. O-O f5 18. Bf4 Qd8 19. Nb5 b6 20. cxb6 Qxb6 21. Nc7 {1-0 Chernin,
A-Parameswaran,T/Bangalore 1981/MCD (26)}) 14. Qb3 $44 {[%csl Rc8,Gd6,Rf8]
[%cal Gc1c7,Gg2a8] Weiss hat positionelle Druck am Damenfluegel, sein d6N
paralisiert die schwarze Stellung.} Be5 {[%cal Gf8g7][%mdl 256] Mit diesem Zug
Schwarz befreit das g7-Feld fuer den Koenig.} (14... Nxd6 $2 15. cxd6 $16 {
Weiss hat ueberlegenes Spiel. 15...Qxd6?? ist ganz schlecht wegen 16.Bb4.}) 15.
Nc4 (15. O-O Kg7) 15... Bf6 (15... Kg7 16. Nxe5 Qxe5 17. e4 $16 dxe3 $2 18. Bc3
Nd4 (18... exf2+ 19. Kf1 $18) 19. Qd1 $18) 16. O-O Kg7 17. Qa3 {[%csl Ga3]
[%cal Gb2b4,Gc4b6,Gb6a8,Ga3a8] Weiss verteidigt vorher den c5-Bauern, droht
eventuell Nb6 und in folgendem Weiss kann seine Stellung mit b2-b4 verstaerken.
} Be7 18. b4 (18. Bb4 a5 $1 19. Nxa5 (19. e4 dxe3 20. Bxa5 Rxa5 21. Qxa5 Qxc5
$132) 19... Bd8 $13) 18... d5 19. Nb6 $6 {Auf diese Weise Weiss gewinnt die
Qualitaet, aber in folgendem Schwarz bekommt taktische Gegenchancen.} (19. cxd6
Nxd6 (19... Bxd6 20. Qf3 $44 (20. Qd3 $44)) 20. Qd3 Nxc4 21. Rxc4 Qb6 22. Rxd4
e5 23. Rd5 $14) (19. Bf4 Qc6 20. Nb6 axb6 21. Qxa8 bxc5 22. bxc5 Bd7 (22...
Bxc5 23. g4 $16 {Haengt der f5N und wenn der Springer geht weg, kommt 24.Be5+
und 25.Bxd4.}) 23. Qa7 Rc8 24. Rb1 $14) 19... axb6 20. Qxa8 bxc5 21. bxc5 Bd7 {
[%csl Ra8]} 22. Qa7 (22. Qa3 Bb5 $13) 22... Bb5 $13 {Schwarz hat nur einen
Bauern fuer die Qualitaet, aber die gegnerische Dame steht passiv auf a7.} 23.
Rfe1 (23. Bf4 Qc6 (23... e5 24. Rb1 Bc6 25. Bd2 $14) 24. Rfe1 $13) 23... Bc4 {
[%csl Ra7,Gc4,Rc5,Gd4,Gd5][%mdl 2048] Schwarz hat starke Zentrumstellung und
haengt der weisse c5P.} 24. Bb4 (24. c6 Qxc6 25. g4 b5 $5 (25... Nd6 26. Qxd4+
$14) 26. gxf5 Bc5 {[%csl Ra7][%cal Rc5a7]} 27. f6+ (27. Bh6+ Kxh6 28. Qxf7 exf5
29. Rxc4 bxc4 30. Bxd5 Qd6 31. Bxc4 Qf4 $15) 27... Kxf6 28. Bg5+ Kxg5 29. Qxf7
$13) 24... h5 {Auf diese Weise Schwarz sichert die f5-Springerstellung, so
g3-g4 kommt nicht mehr.} 25. Bf3 (25. e4 dxe3 26. fxe3 h4 $13) 25... e5 (25...
Rc8 $36) 26. a3 Rc8 $36 27. Bg2 {Die letzte weisse Zuegen - 25.Bf3, 26.a3, 27.
Bg2 - bedeuten, dass es ist schwer fuer Weiss aktive Plan finden.} Qd7 $15 {
[%cal Gd7b5]} (27... Bxc5 28. Bxc5 Qxc5 29. Qxc5 Rxc5 30. Bxd5 b5 $36 (30...
Rxd5 31. Rxc4 Ra5 $11)) 28. Rc2 (28. Qa5 h4 $15) 28... Qb5 {Nach diesem Zug
Schwarz bekommt seine zweite Bauern fuer die Qualitaet.} 29. c6 Rxc6 30. Bxe7
Nxe7 31. Qb8 Re6 32. Rcc1 Nc6 $17 {Schwarz hat gute, zentralisierte Stellung,
weil Weiss hat Problemen (in der ganze Partie) mit der Platzierung der Dame.}
33. Qc8 (33. Qc7 e4 34. Rb1 Qa6 35. Qxb7 (35. Rxb7 $2 Re7 $19) 35... Bxe2 $17)
33... Re7 $1 {Schwarz verteidigt ruhig den b7-Bauern und beschraenkt die
Bewegung der gegnerische Dame.} 34. Rb1 Qa6 35. f4 $2 (35. Bf1 $8 $17 {Dieser
Zug ist wirklich nicht schoen, aber verteidigt den e2-Bauern.}) 35... d3 (35...
Bxe2 $17 {[%cal Gd4d3,Re2g4,Rg4c8]}) 36. e3 (36. fxe5 d2 37. Red1 Bxe2 38. Rxd2
Bg4 $19 {[%csl Rc8][%cal Rg4c8]}) 36... d2 37. Red1 Qxa3 $19 {Schwarz hat
schon seinen dritte Bauern fuer die Qualitaet, die gegnerische Dame spielt
eigentlich nicht und haengt auf e3 mit Schach.} 38. Rxd2 Qxe3+ 39. Rf2 Nd4 {
[%csl Rf2,Rg1][%cal Rd4e2,Re2g1,Re3g1]} 40. Rbb2 exf4 41. gxf4 Qc1+ 42. Bf1 Re1
(42... Re1 43. Qh3 Bxf1 44. Rxf1 Rxf1+ 45. Qxf1 Qxb2 $19) 0-1

[Event "Jakarta zt"]
[Site "Jakarta"]
[Date "1993.??.??"]
[Round "6"]
[White "Adianto, Utut"]
[Black "Rogers, Ian"]
[Result "0-1"]
[WhiteElo "2490"]
[BlackElo "2575"]
[Annotator "Ribli,Z"]
[PlyCount "96"]
[EventDate "1993.01.??"]
[EventType "swiss"]
[EventRounds "11"]
[EventCountry "INA"]
[SourceTitle "CBM 035"]
[Source "ChessBase"]
[SourceDate "1993.08.01"]
[SourceVersion "1"]
[SourceVersionDate "1993.08.01"]
[SourceQuality "1"]

1. c4 c5 2. Nc3 g6 3. Nf3 Bg7 4. g3 Nc6 5. Bg2 e5 6. a3 Nge7 7. O-O O-O 8. d3
d6 9. Rb1 a5 10. Bd2 (10. Ne1 $13 {Kolev,At-Gdanski,J/Budapest zt-A/1993/CBM34/
}) 10... Rb8 (10... h6 $5) 11. Qc1 (11. Qa4 $13 {Csom,I-Cramling,P/Bern/1992/
CBM28/INF54,45/}) 11... b6 12. Bh6 f6 $5 13. Ne1 Be6 14. Bxg7 Kxg7 15. Nc2 (15.
Nd5 b5 16. b3 Nd4 $13) 15... d5 16. cxd5 Nxd5 17. Ne3 Nde7 (17... Nce7 18. b4
cxb4 19. Ncxd5 Nxd5 20. Nxd5 Bxd5 21. axb4 Bxg2 22. Kxg2 Qd5+ 23. Kg1 Rfc8 $10)
18. f4 exf4 19. gxf4 Nd4 20. Rf2 Qd7 21. Qd2 (21. b4 $2 cxb4 22. axb4 Rfc8 $15)
21... a4 $1 22. Rbf1 Nb3 (22... Rbd8 $5 23. Ne4 h6 24. Ng3 f5 $15) 23. Qe1 b5
24. f5 $6 (24. Ne4 Qd4 $1 $15) 24... gxf5 25. Bh3 Nd4 $1 26. Ng2 b4 27. Nd1 Kh8
$1 28. e3 (28. Nde3 Rg8 $17) 28... Ndc6 29. Nf4 Rg8+ 30. Rg2 (30. Kh1 Ne5 $1
$17) 30... Rxg2+ 31. Bxg2 Ng6 32. Nxe6 Qxe6 33. Qf2 Nce5 34. d4 (34. Qxf5 Qxf5
35. Rxf5 Nxd3 36. Bf1 Nxb2 $1 37. Nxb2 bxa3 $19) 34... Nd3 35. Qd2 (35. Qxf5
Qxf5 36. Rxf5 Nxb2 $1 37. Nxb2 bxa3 38. Nxa4 a2 39. Rf1 Rb1 $19) 35... c4 36.
axb4 Nh4 $1 $36 37. Kh1 Rg8 38. Rg1 Qd7 39. Qe2 Rg5 40. Bf3 Rxg1+ 41. Kxg1 Nxb4
42. Nc3 f4 $1 43. Bg4 f5 44. Qxc4 Qe7 $1 45. Be2 Qg5+ 46. Kf1 Qg2+ 47. Ke1 Qg1+
48. Bf1 Ng2+ 0-1

[Event "Interpolis"]
[Site "Tilburg"]
[Date "1992.10.09"]
[Round "1.2"]
[White "Goldin, Alexander"]
[Black "De Firmian, Nick E"]
[Result "1/2-1/2"]
[WhiteElo "2575"]
[BlackElo "2560"]
[Annotator "Ribli,Z"]
[PlyCount "107"]
[EventDate "1992.10.08"]
[EventType "k.o."]
[EventRounds "7"]
[EventCountry "NED"]
[SourceTitle "CBM 032"]
[Source "ChessBase"]
[SourceDate "1993.02.01"]
[SourceVersion "1"]
[SourceVersionDate "1993.02.01"]
[SourceQuality "1"]

1. Nf3 c5 2. c4 Nc6 3. Nc3 e5 4. g3 g6 5. Bg2 Bg7 6. O-O d6 7. d3 Nge7 8. Ne1
Be6 9. Nc2 d5 10. cxd5 Nxd5 11. Ne4 (11. Ne3 $5) 11... b6 12. Ng5 Bc8 13. Ne3
Nde7 14. a3 a5 15. Ne4 (15. Nc4 O-O 16. Bd2 h6 17. Ne4 Be6 18. a4 f5 19. Nc3
Ra7 20. Nb5 Rd7 $13 {Uhlmann,W-Cramling,P Valby K41 1991 CBM/27}) (15. Qa4 Bd7
16. Nd5 $13 {Azmayparashvili,Z-Schlusser,H Reykjavik Summit 1990 CBM/18}) 15...
O-O 16. Nc3 Be6 17. Nc4 Rb8 18. a4 f5 (18... h6 $5) 19. Bg5 Qd7 20. Bxe7 Nxe7
21. Qb3 Rfd8 22. Rad1 Qe8 23. Nb5 Rd7 24. Qc2 Nd5 $13 25. Qc1 Qe7 26. Rfe1 Bf7
27. b3 Qe6 28. e3 Nb4 29. Qb1 Qf6 30. Rd2 Rbd8 31. Red1 Qe6 32. Bh3 Qf6 33. Bf1
h5 34. Qb2 h4 35. f4 Bxc4 36. dxc4 (36. bxc4 Qe7 $15) 36... Qe7 37. Rxd7 Rxd7
38. Rxd7 Qxd7 39. fxe5 Nc6 $15 40. Qg2 Nxe5 41. Qd5+ Qxd5 42. cxd5 hxg3 43.
hxg3 Bh6 44. Nd6 Bxe3+ 45. Kg2 Bg5 46. Nc4 Nd7 47. g4 $1 Kf7 (47... fxg4 48.
Be2 $10) 48. gxf5 gxf5 49. Nd6+ Kf6 50. Bb5 Ne5 51. Nc4 $1 Nxc4 52. bxc4 Ke5
53. Kf3 Kd4 54. d6 1/2-1/2

[Event "Ostrava"]
[Site "Ostrava"]
[Date "1992.??.??"]
[Round "6"]
[White "Sorokin, Maxim"]
[Black "Schmittdiel, Eckhard"]
[Result "1-0"]
[WhiteElo "2550"]
[BlackElo "2480"]
[Annotator "Ribli,Z"]
[PlyCount "83"]
[EventDate "1992.09.??"]
[EventType "tourn"]
[EventRounds "11"]
[EventCountry "CZE"]
[EventCategory "9"]
[SourceTitle "CBM 033"]
[Source "ChessBase"]
[SourceDate "1993.04.01"]
[SourceVersion "1"]
[SourceVersionDate "1993.04.01"]
[SourceQuality "1"]

1. Nf3 c5 2. c4 Nc6 3. g3 g6 4. Bg2 Bg7 5. O-O e6 6. Nc3 Nge7 7. d3 O-O 8. a3 (
8. Bf4 d5 9. cxd5 Nxd5 10. Nxd5 exd5 11. Qd2 Re8 12. Rac1 b6 $13 {Larsen,
B-Boissenet,C Buenos Aires Najdorf 1991 CBM/24}) (8. Bd2 b6 9. a3 Bb7 10. Rb1
d5 11. cxd5 Nxd5 (11... exd5 $5) 12. Nxd5 Qxd5 13. b4 cxb4 14. axb4 Nd4 $13 {
Wirthensohn,H-Cramling,P Hamburg SKA 1991 CBM/24 52/(58)}) (8. Bg5 h6 9. Bd2 b6
10. a3 Bb7 11. Rb1 d5 12. b4 cxb4 13. axb4 dxc4 14. dxc4 Rc8 15. c5 bxc5 16.
bxc5 Na5 17. Nb5 Rxc5 $13 {Larsen,B-Hansen,Cu Graested 1990 EXP/16}) 8... d5 (
8... b6 $5) 9. cxd5 exd5 (9... Nxd5 $6 10. Bg5 $1 Nxc3 11. bxc3 Qa5 12. c4 Bxa1
13. Qxa1 Nd4 14. Nxd4 cxd4 15. Bf6 Qc3 16. Qb1 $44 {Sanz-Fraguela Lanzarote
1976 21/69}) 10. Bg5 h6 (10... Be6 $5) 11. Bxe7 Nxe7 12. d4 cxd4 13. Nxd4 Nc6
14. Nb3 d4 15. Nd5 Be6 16. Nf4 Bf5 17. Nc5 Rb8 18. Rc1 (18. Nxb7 Rxb7 19. Bxc6
Rxb2 $10) 18... Ne7 19. Qa4 Qb6 20. Nd7 (20. b4 $5) 20... Bxd7 21. Qxd7 Nc6 22.
Bxc6 Rfd8 (22... bxc6 23. b4 Rfc8 (23... Qa6 24. Rxc6 Qxa3 25. Nxg6 $1 fxg6 26.
Rc7 $18) 24. Nd5 $18) 23. Nd5 Qxb2 24. Rb1 Qxe2 25. Qc7 Be5 26. Qe7 bxc6 27.
Nf4 Qe4 28. Rbe1 Qf3 29. Rxe5 g5 30. Ng2 d3 31. Ne3 d2 32. Rf5 Qh5 33. g4 Qg6
34. Rd1 Rd4 35. Rf6 Qg7 36. Nf5 Rxg4+ 37. Kf1 Re4 38. Nxh6+ Kh8 39. Nxf7+ Kg8
40. Nh6+ Kh8 41. Qxg7+ Kxg7 42. Rxc6 1-0

[Event "Rubinstein Memorial 36th"]
[Site "Polanica Zdroj"]
[Date "1999.08.22"]
[Round "6"]
[White "Bunzmann, Dimitrij"]
[Black "Sutovsky, Emil"]
[Result "0-1"]
[WhiteElo "2596"]
[BlackElo "2587"]
[Annotator "Ribli,Z"]
[PlyCount "80"]
[EventDate "1999.08.17"]
[EventType "tourn"]
[EventRounds "9"]
[EventCountry "POL"]
[EventCategory "15"]
[SourceTitle "CBM 073"]
[Source "ChessBase"]
[SourceDate "1999.12.01"]
[SourceVersion "1"]
[SourceVersionDate "1999.12.01"]
[SourceQuality "1"]

{[%mdl 2112]} 1. c4 g6 2. Nc3 Bg7 3. g3 c5 4. Bg2 Nc6 5. Nf3 e6 {Statt dieser
Fortsetzung kann Schwarz auch 5...Nf6 oder 5...e5 ziehen. Ribli.} 6. d4 {
Weiss opfert einen Bauern und moechte die Schwäche der schwarzen Felder
ausnutzen. Meines Erachtens ist die Variante recht interessant, aber nicht
sonderlich gut für Weiss.} Nxd4 7. Nxd4 cxd4 8. Nb5 {8.Ne4 scheint mir viel
gefährlicher.} (8. Ne4 $5 d6 (8... Ne7 9. Nd6+ Kf8 10. Nxb7 Bxb7 11. Bxb7 Rb8
12. Bg2 Kg8 13. O-O h6 14. b3 d5 15. Ba3 $14 {1-0 Gurevich,D-Dlugy,M/New York
1989/CBM 12 (33)}) (8... Qc7 9. c5 Ne7 10. Bf4 Qa5+ 11. Bd2 Qc7 12. Nd6+ Kf8
13. Rc1 h5 14. Qa4 Nd5 15. Bxd5 exd5 16. Qa3 Kg8 17. O-O {1-0 Chernin,
A-Parameswaran,T/Bangalore 1981/MCD (26)}) 9. Qa4+ Ke7 10. Bg5+ (10. c5 d5 11.
Nd6 Kf8 $1 12. O-O Ne7 13. e4 dxe3 14. Bxe3 h6 15. Rad1 Kg8 16. b4 Nf5 17. Nxf5
gxf5 {0-1 McNab,C-Chandler,M/Blackpool 1990/CBM 18/[Ribli] (51)}) (10. Bd2 a5
11. Qa3 f5 12. Bg5+ Nf6 13. Bxf6+ Bxf6 14. Nxf6 Kxf6 15. O-O Qb6 16. Rad1 Rd8
17. e3 dxe3 18. fxe3 Qb4 19. Qd3 Qc5 20. Kh1 Qe5 21. e4 Kg7 22. exf5 gxf5 23.
g4 $36 {1-0 Schwartzman,G-Fedder,S/Copenhagen 1990/EXT 97 (36)}) 10... f6 11.
Bd2 Qd7 12. Qa3 a5 13. c5 f5 14. Nxd6 Kf6 15. O-O Ne7 16. e3 Nd5 17. exd4 Rd8
18. Bxd5 exd5 19. Qe3 {1-0 Fancsy,I-Hocevar,N/Balaton 1996/EXT 99 (19)}) 8...
Qb6 (8... d5 9. Qa4 Bd7 10. Nd6+ Kf8 11. Qa3 Ne7 12. cxd5 exd5 13. Nxb7 Qc7 14.
Nc5 Bb5 15. O-O Rc8 16. Nd3 Bxd3 17. exd3 Be5 18. Bh6+ Kg8 19. Rac1 Qd7 20.
Qxe7 {1-0 Trauth,M-Georges,S/Lugano 1989/TD (20)}) 9. e3 {Weiss möchte das
Spiel öffnen, aber Schwarz muss den Bauern nicht nehmen.} (9. Qa4 a6 10. e3 d3
(10... Ne7 11. Nxd4 O-O 12. O-O d5 13. cxd5 (13. b3 $13) 13... Nxd5 14. Rd1 Rd8
15. Bd2 Bd7 16. Qa3 Bf8 17. Qb3 Qxb3 18. axb3 Be8 19. Rac1 {1/2-1/2 Hansen,
L-Thorsteins,K/Gausdal 1990/TD (19)}) 11. O-O (11. Qa3 Bf8 12. b4 d5 13. O-O f6
14. Nc3 dxc4 15. Na4 Qc7 16. Nc5 Ra7 (16... a5 $5 17. Qa4+ Kf7 $17) 17. Bb2 {
1-0 Chernin,A-Wolff,P/New York 1989/CBM 12 (45)}) 11... Ne7 12. Rd1 axb5 13.
Qxa8 bxc4 14. Rb1 O-O 15. Bd2 d5 16. Rdc1 Qc7 17. Qa3 Qd7 18. b3 b5 19. Qc5 Nf5
20. a4 Ba6 21. Qb6 bxa4 22. Qxa6 axb3 $44 {1/2-1/2 Markowski,T-Macieja,B/
Warsaw 1998/EXT 99 (64)}) 9... Ne7 {Schwarz beschäftigt sich nicht mit dem
Bauern. Er möchte die Entwicklung ruhig beenden und mit ...d7-d5 mindestens
gleiche Chancen erreichen.} (9... d5 10. Nxd4 dxc4 11. Qa4+ Bd7 12. Qxc4 Ne7
13. Bd2 (13. Qb3 Bxd4 14. exd4 Bc6 15. Bxc6+ Nxc6 16. Qxb6 axb6 17. Be3 Nb4 18.
Kd2 Kd7 19. a3 Nd5 {1/2-1/2 Piven,I-Fruppa,Y/Werfen 1994/EXT 98 (48)}) 13...
O-O 14. Qb4 Nc6 15. Qxb6 axb6 16. Bc3 Nxd4 17. Bxd4 Bxd4 18. exd4 Ra4 19. O-O
Bc6 {1/2-1/2 Ellers,H-Hausrath,D/Leipzig 1995/Juniors (69)}) 10. Nxd4 (10. exd4
$2 a6 $17) 10... O-O 11. O-O d5 {Schwarz hat bequemes Spiel. Die Dame steht
auf b6 aktiv.} (11... Nf5 12. Nxf5 gxf5 13. e4 fxe4 14. Bxe4 Qc5 15. Qe2 Qe5
16. Bf4 Qxb2 17. Qxb2 Bxb2 18. Rab1 Bd4 19. Bd6 Rd8 20. Rfd1 e5 21. Kg2 $44 {
1-0 Preiss,M-Haist,W/Triberg 1991/GER (29)}) 12. cxd5 Nxd5 {Wir haben eine
symmetrische Stellung, aber Schwarz(!) hat ein Mehrtempo. Kein gelungenes
weisses Eröffnungergebnis!} 13. Nb3 $6 (13. Qb3 Rd8 $11) 13... Nb4 {[%csl Yd3]
[%cal Gf8d8,Gd8d1] Schwarz hat die bessere Figurenkoordination. Es droht ...
Rd8 mit schwarzer Initiative.} 14. e4 {[%csl Yd3,Yd4] Weiss möchte seinen
Damenläufer befreien, aber der Textzug schwächt das Feld d4.} Rd8 15. Qf3 (15.
Qe2 Nxa2 $17 {[%csl Rb3]}) 15... Nc2 {[%cal Gc2d4,Rc2a1]} 16. Rb1 e5 {[%csl
Yd4] Schwarz kontrolliert stark das d4-Feld und hat mindestens gleiche Chancen.
} 17. Bg5 (17. Bd2 {[%cal Rd2a5,Ra5d8]} Nd4 18. Nxd4 exd4 $15 {[%csl Gd4,Gg7]})
17... Re8 (17... f6 18. Rfc1 Nd4 19. Nxd4 exd4 20. Bd2 $11) 18. Rfc1 Nd4 19.
Qd3 (19. Nxd4 exd4 $15 {[%csl Gd4][%cal Gg7b2] Der d4-Bauer ist mit
Unterstützung des g7-Läufers stark.}) 19... Bd7 {[%cal Gd7b5,Gb5f1]} 20. Be3
Bb5 21. Qd2 Rad8 $15 {[%csl Gb5,Gd4,Gd8][%cal Gd8d2] Schwarz hat einen starken
Springervorposten auf d4.} 22. Bxd4 {Weiss gibt das Läuferpaar auf und möchte
eine Blockadestellung errichten.} (22. Nxd4 exd4 23. Bg5 Rd7 $15) 22... exd4
23. Nc5 {[%cal Gc5d3]} a5 (23... d3 24. b4 $132 {[%cal Ga2a4,Gb1b3,Gb3d3]}) 24.
Nd3 (24. b4 $5 a4 $15) 24... Rc8 25. Rd1 (25. Nf4 {[%cal Gf4d5]} Bh6 $15) 25...
Ba4 {Schwarz provoziert die Schwächung des Damenflügels mit b2-b3, wonach das
Feld c3 schwach wird.} (25... Bc4) 26. Rdc1 (26. b3 Bb5 $15 {[%csl Yc3]}) 26...
Bb5 27. Rd1 Bc4 {Natürlich ist Schwarz nicht zufrieden mit der Zugwiederholung.
Dieser Läuferzug ist unangenehm, denn Weiss muss jetzt seinen Damenflügel
schwächen.} 28. b3 (28. a3 a4 $15 {[%csl Yb3]}) 28... Bb5 {[%csl Yc3]} 29. Nf4
$132 {Der weisse Springer strebt nach d5.} d3 {[%csl Gd3][%cal Gg7a1]} 30. Nd5
(30. Nxd3 $6 Red8 {[%csl Rd2,Rd3][%cal Gd8d1]} 31. Bf1 Rc3 32. Rbc1 Rcxd3 $15)
30... Qd4 {[%csl Gd3,Gd4]} 31. Rbc1 (31. Qxa5 Rc2 32. Rd2 Ba6 $44 {[%csl Gc2,
Gd3]}) 31... Rxc1 32. Rxc1 Bc6 $15 {[%csl Gc6,Gd3,Gd4,Ge8,Gg7]} 33. Rc4 (33.
Qxa5 d2 34. Rd1 Bxd5 35. Rxd2 (35. exd5 Re2 $19) (35. Qxd5 Qxd5 36. exd5 Re1+
$19) 35... Qa1+ $19) 33... Qb2 $1 {Schwarz möchte die Damen tauschen. Sein
d-Bauer wird dann noch stärker.} 34. Qxb2 (34. Qxd3 Bb5 35. Qc2 Bxc4 $17) 34...
Bxb2 {[%csl Gd3]} 35. Ne3 $8 (35. Kf1 d2 36. Ke2 Bxd5 $19) (35. Bf3 Bxd5 36.
exd5 Re1+ 37. Kg2 d2 38. Rc2 Bc1 $19) 35... f5 $1 $17 {Schwarz hat das
Läuferpaar und öffnet natürlich die Stellung.} 36. Nd1 (36. exf5 Rxe3 37. fxe3
d2 $19 {[%csl Gd2][%cal Rd2d1]}) 36... Bg7 {[%csl Gc6,Re4,Gg7][%cal Ge8e1] Die
schwarzen Läufer stehen in den langen Diagonalen überzeugend.} 37. f3 {Anders
kann Weiss seinen e-Bauern nicht verteidigen.} (37. exf5 Re1+ $19 {[%cal Re1d1,
Re1g1]}) 37... fxe4 38. fxe4 Bb5 39. Rc7 $6 (39. Rc1 $142 Bd4+ 40. Kh1 (40. Kf1
d2+ $19 {[%cal Rd2c1,Rb5f1]}) 40... Bc6 $17 {[%csl Re4]}) 39... Bd4+ $19 40.
Kh1 (40. Kf1 d2+ $19) 40... Bc6 {[%csl Rc7][%cal Rd4b6,Rb6c7,Rd4e5,Re5c7] Der
c7-Turm steht sehr unglücklich. Es droht entweder ...Bb6 oder ...Be5 mit
Qualitätsgewinn. Aller Hoffnungen beraubt gab Weiss auf.} 0-1

[Event "Lippstadt"]
[Site "Lippstadt"]
[Date "1992.??.??"]
[Round "?"]
[White "Hickl, Joerg"]
[Black "Ree, Hans"]
[Result "1-0"]
[WhiteElo "2540"]
[BlackElo "2450"]
[Annotator "Ribli,Z"]
[PlyCount "111"]
[EventDate "1992.07.??"]
[EventType "tourn"]
[EventRounds "10"]
[EventCountry "GER"]
[EventCategory "8"]
[SourceTitle "CBM 031"]
[Source "ChessBase"]
[SourceDate "1992.12.01"]
[SourceVersion "1"]
[SourceVersionDate "1992.12.01"]
[SourceQuality "1"]

1. g3 g6 2. Bg2 Bg7 3. c4 c5 4. Nc3 Nc6 5. a3 a6 6. Rb1 Rb8 7. b4 cxb4 8. axb4
b5 9. cxb5 (9. c5 a5 $1 10. Ba3 axb4 11. Bxb4 Nxb4 12. Rxb4 Bxc3 $1 13. dxc3
Nf6 $10 {Summermatter,D-Landenbergue,C Zug 1989 CBM/16}) 9... axb5 10. Nf3 {
-> A 37} e5 (10... Nf6 11. d4 d5 12. Bf4 (12. Ne5 $5) 12... Rb6 13. Ne5 O-O 14.
O-O Bb7 15. Qd3 e6 $10 {Georgiev,Ki-Ehlvest,J Manila izt 1990 CBM/16}) 11. d4
exd4 (11... Nxd4 12. Nxd4 exd4 13. Nd5 Bb7 14. Qb3 $44) 12. Nd5 Nf6 13. Bg5 $44
O-O 14. O-O Bb7 15. Rc1 Re8 16. Re1 h6 17. Nxf6+ Bxf6 18. Bxh6 Qe7 (18... Nxb4
19. Nxd4 $14) 19. e4 Qxb4 (19... dxe3 20. Bxe3 $14) 20. e5 $1 Bh8 (20... Nxe5
21. Nxe5 Rxe5 $1 (21... Bxe5 22. Bxb7 Rxb7 23. f4 $18) 22. Rxe5 (22. Bf4 Rxe1+
23. Qxe1 Qxe1+ 24. Rxe1 d6 $1 25. Bxd6 Rd8 $17) 22... Bxe5 23. Bxb7 Rxb7 24.
Rc8+ Kh7 25. Bf8 $1 $44) 21. Bf4 Ra8 22. h4 $36 Qa4 23. Qd3 Nb4 24. Qxd4 Nd5
25. Qd2 Qb4 26. Qxb4 Nxb4 27. Rcd1 $14 Bc6 28. Ng5 Rad8 29. Ne4 Bxe4 30. Rxe4
Nc6 31. Bg5 Rb8 32. f4 Rb7 33. Ree1 Rc8 34. Rb1 b4 35. Rec1 Bg7 36. g4 Rbb8 37.
h5 b3 $2 38. hxg6 fxg6 39. Rxb3 Rxb3 40. Bd5+ Kf8 41. Bxb3 Rb8 42. Bd5 Nd4 43.
Rc7 Ne6 44. Bxe6 dxe6 45. Kf2 Kg8 46. Be7 Bh6 47. Ke3 Ra8 48. Bd6 Bf8 49. g5
Rd8 50. Rc6 Kf7 51. Kd4 Rd7 52. Kc5 Be7 53. Rc8 Ra7 54. Kb6 Rd7 55. Kc6 Ra7 56.
Bxe7 1-0

[Event "Frankfurt"]
[Site "Frankfurt"]
[Date "1990.??.??"]
[Round "?"]
[White "Uhlmann, Wolfgang"]
[Black "Bewersdorff, Oliver"]
[Result "1/2-1/2"]
[WhiteElo "2505"]
[BlackElo "2325"]
[Annotator "Ribli,Z"]
[PlyCount "54"]
[EventDate "1990.??.??"]
[EventType "tourn"]
[EventRounds "13"]
[EventCountry "GER"]
[EventCategory "7"]
[SourceTitle "CBM 020"]
[Source "ChessBase"]
[SourceDate "1991.02.01"]
[SourceVersion "1"]
[SourceVersionDate "1991.02.01"]
[SourceQuality "1"]

1. c4 c5 2. Nf3 Nc6 3. Nc3 e5 4. g3 g6 5. Bg2 Bg7 6. O-O Nge7 7. a3 a5 8. d3
O-O 9. Ne1 d6 10. Nc2 Be6 11. Rb1 Rb8 $6 (11... d5 $5 12. cxd5 Nxd5 13. Ne3
Nde7 {Partos,C-Ioseliani,N Biel-Tbilisi 1990 CBM/19}) 12. b4 axb4 13. axb4 b6
14. b5 Nd4 15. Ne3 Ndf5 16. Nxf5 (16. Ned5 $1 $14 {Najdorf-Uhlmann Lugano ol
1968}) 16... Bxf5 17. Bd2 Bc8 18. Ra1 Bb7 19. Ra7 Bxg2 20. Kxg2 Ra8 21. Qa4
Rxa7 22. Qxa7 Qa8+ 23. Qxa8 Rxa8 24. Rc1 f6 25. Rc2 Kf7 26. Ra2 Rxa2 27. Nxa2
Ke6 1/2-1/2